[Event "GER-ch 2013-E-V6 serv"]
[Site "GER email"]
[Date "2013.11.05"]
[Round "?"]
[White "Koehl, Rudolf"]
[Black "Draeger, Wolfgang"]
[Result "1/2-1/2"]
[WhiteElo "2104"]
[BlackElo "2138"]
[PlyCount "75"]
[EventDate "2013.11.15"]
[EventType "tourn (corr)"]
[EventRounds "6"]
[EventCountry "GER"]
[SourceTitle "Corr 2015"]
[Source "ChessBase"]
[SourceDate "2015.07.17"]
[SourceVersion "1"]
[SourceVersionDate "2015.07.17"]
[SourceQuality "1"]

1. e4 c6 2. d4 d5 3. e5 Bf5 4. Nf3 e6 5. Be2 Nd7 6. 0-0 Ne7 7. Nh4 c5 8. c3 Be4 9. Nd2 Nc6 10. Nxe4 dxe4 11. g3 Be7 12. Ng2 Qb6 13. dxc5 Qxc5 14. Qa4 Qxe5 15. Bf4 Qf5 16. Ne3 Qg6 17. Rfd1 Rd8 18. Nc4 0-0 19. Na5 Nxa5 20. Rxd7 Rxd7 21. Qxd7 Bg5 22. Bxg5 Qxg5 23. Rd1 e3 24. f4 Qf5 25. b4 Nc6 26. Qd3 Qxd3 27. Rxd3 Re8 28. Kg2 Kf8 29. Kf3 Ke7 30. a3 Rc8 31. Kxe3 a5 32. Rd1 h6 33. h4 Na7 34. Rc1 b6 35. h5 Rc7 36. g4 axb4 37. axb4 e5 38. Ke4 1/2-1/2

[Event "GER-ch 2013-E-V6 serv"]
[Site "GER email"]
[Date "2013.11.05"]
[Round "?"]
[White "Wuttke, Johannes"]
[Black "Draeger, Wolfgang"]
[Result "0-1"]
[WhiteElo "1973"]
[BlackElo "2138"]
[PlyCount "60"]
[EventDate "2013.11.15"]
[EventType "tourn (corr)"]
[EventRounds "6"]
[EventCountry "GER"]
[SourceTitle "Corr 2015"]
[Source "ChessBase"]
[SourceDate "2015.07.17"]
[SourceVersion "1"]
[SourceVersionDate "2015.07.17"]
[SourceQuality "1"]

1. Nf3 Nf6 2. g3 d5 3. Bg2 c6 4. 0-0 Bg4 5. d4 Nbd7 6. c4 e6 7. Qb3 Qb6 8. Nc3 Be7 9. Re1 0-0 10. c5 Qxb3 11. axb3 h6 12. b4 a6 13. h4 Bf5 14. Bf4 Rac8 15. Nd2 Nh5 16. Be3 Bd8 17. Nb3 Bc7 18. Bf3 Nhf6 19. Bf4 e5 20. dxe5 Nxe5 21. Nd4 Bh7 22. Bg2 Nh5 23. Bd2 Rce8 24. Ra2 Re7 25. Rd1 Bb8 26. Bh3 f5 27. Raa1 f4 28. g4 Nf6 29. Bxf4 Nfxg4 30. Bg2 Rxf4 0-1

[Event "GER-ch 2013-D-V5 serv"]
[Site "GER email"]
[Date "2013.10.08"]
[Round "?"]
[White "Bennewitz, Bernhard"]
[Black "Draeger, Wolfgang"]
[Result "1-0"]
[WhiteElo "1861"]
[BlackElo "2138"]
[PlyCount "55"]
[EventDate "2013.10.20"]
[EventType "tourn (corr)"]
[EventRounds "6"]
[EventCountry "GER"]
[SourceTitle "Corr 2015"]
[Source "ChessBase"]
[SourceDate "2015.07.17"]
[SourceVersion "1"]
[SourceVersionDate "2015.07.17"]
[SourceQuality "1"]

1. e4 e5 2. Nf3 Nc6 3. Bb5 a6 4. Ba4 Nf6 5. 0-0 Be7 6. Re1 b5 7. Bb3 d6 8. c3 0-0 9. h3 Nb8 10. d3 Nbd7 11. Be3 Bb7 12. Nbd2 d5 13. Bc2 c5 14. Bg5 dxe4 15. Nxe4 Nxe4 16. Bxe7 Qxe7 17. dxe4 c4 18. Qe2 Rfc8 19. Rad1 Nc5 20. Rd2 Rd8 21. Red1 Rxd2 22. Rxd2 Rc8 23. h4 a5 24. h5 h6 25. Rd1 Qf6 26. g3 b4 27. a3 b3 28. Bb1 1-0

[Event "GER-ch 2013-D-V5 serv"]
[Site "GER email"]
[Date "2013.10.08"]
[Round "?"]
[White "Hinz, Horst"]
[Black "Draeger, Wolfgang"]
[Result "1/2-1/2"]
[WhiteElo "2094"]
[BlackElo "2138"]
[PlyCount "76"]
[EventDate "2013.10.20"]
[EventType "tourn (corr)"]
[EventRounds "6"]
[EventCountry "GER"]
[SourceTitle "Corr 2015"]
[Source "ChessBase"]
[SourceDate "2015.07.17"]
[SourceVersion "1"]
[SourceVersionDate "2015.07.17"]
[SourceQuality "1"]

1. d4 Nf6 2. c4 e6 3. Nc3 d5 4. Nf3 c6 5. e3 Nbd7 6. Qc2 Bd6 7. Bd3 0-0 8. 0-0 dxc4 9. Bxc4 b5 10. Be2 a6 11. Rd1 Qc7 12. Ne4 Nxe4 13. Qxe4 e5 14. Qd3 exd4 15. Qxd4 Be7 16. Qf4 Qxf4 17. exf4 Bf6 18. Nd4 Bb7 19. Bf3 Nb6 20. Nxc6 Bxc6 21. Bxc6 Rad8 22. Be3 Na4 23. Rxd8 Rxd8 24. Re1 Bxb2 25. g3 f5 26. Bf3 g6 27. Kg2 Ba3 28. g4 Kg7 29. gxf5 gxf5 30. Bb7 a5 31. Ba6 Rd5 32. Kf3 h5 33. Bb7 Rd8 34. Kg2 Kf6 35. Bf3 Be7 36. Bxh5 Bc5 37. Rc1 Bxe3 38. fxe3 Rd2+ 1/2-1/2

[Event "GER Cup19 sf02 serv"]
[Site "GER email"]
[Date "2013.07.14"]
[Round "?"]
[White "Buchhauser, Gerhard"]
[Black "Draeger, Wolfgang"]
[Result "1-0"]
[WhiteElo "1798"]
[BlackElo "2138"]
[PlyCount "87"]
[EventDate "2013.07.20"]
[EventType "tourn (corr)"]
[EventRounds "6"]
[EventCountry "GER"]
[SourceTitle "Corr 2015"]
[Source "ChessBase"]
[SourceDate "2015.07.17"]
[SourceVersion "1"]
[SourceVersionDate "2015.07.17"]
[SourceQuality "1"]

1. e4 c6 2. d4 d5 3. Nc3 dxe4 4. Nxe4 Bf5 5. Ng3 Bg6 6. h4 h6 7. Nf3 Nd7 8. h5 Bh7 9. Bd3 Bxd3 10. Qxd3 e6 11. Bd2 Ngf6 12. 0-0-0 Be7 13. Ne4 0-0 14. g4 Nxg4 15. Rhg1 f5 16. Qb3 Rf7 17. Nc3 Nf8 18. Ne5 Nxe5 19. dxe5 Qb6 20. Qxb6 axb6 21. Bxh6 Bc5 22. Rd2 Kh7 23. Bf4 b5 24. Kb1 b4 25. Nd1 Rd7 26. Rxd7 Nxd7 27. Rg6 Re8 28. c3 bxc3 29. bxc3 b5 30. f3 Bb6 31. Bh2 Nf8 32. Rg2 g6 33. hxg6+ Nxg6 34. Nb2 Be3 35. Nd1 Bc5 36. Nb2 Rd8 37. f4 Be3 38. Rg3 Bxf4 39. Rxg6 Kxg6 40. Bxf4 Kh5 41. Be3 Kg4 42. Bd4 f4 43. Nd3 Rh8 44. Kc2 1-0

[Event "GER Cup19 sf02 serv"]
[Site "GER email"]
[Date "2013.07.14"]
[Round "?"]
[White "Draeger, Wolfgang"]
[Black "Schwetlick, Thomas"]
[Result "1/2-1/2"]
[WhiteElo "2138"]
[BlackElo "2254"]
[PlyCount "54"]
[EventDate "2013.07.20"]
[EventType "tourn (corr)"]
[EventRounds "6"]
[EventCountry "GER"]
[SourceTitle "Corr 2015"]
[Source "ChessBase"]
[SourceDate "2015.07.17"]
[SourceVersion "1"]
[SourceVersionDate "2015.07.17"]
[SourceQuality "1"]

1. d4 Nf6 2. c4 g6 3. Nc3 Bg7 4. e4 d6 5. f3 0-0 6. Be3 c5 7. Nge2 Nc6 8. d5 Ne5 9. Ng3 e6 10. Be2 exd5 11. cxd5 a6 12. a4 Bd7 13. 0-0 b5 14. h3 Nc4 15. Bxc4 bxc4 16. Qe2 Rb8 17. Rab1 a5 18. Rfe1 Ne8 19. Qxc4 Rb4 20. Qd3 f5 21. exf5 Qh4 22. Nce2 gxf5 23. f4 Rxa4 24. Bd2 Bd4+ 25. Kh1 Nf6 26. Nc3 Ng4 27. Qf3 Nf2+ 1/2-1/2

[Event "GER-ch 2013-C-V4 serv"]
[Site "GER email"]
[Date "2013.06.17"]
[Round "?"]
[White "Hebel, Erich"]
[Black "Draeger, Wolfgang"]
[Result "1/2-1/2"]
[WhiteElo "1963"]
[BlackElo "2117"]
[PlyCount "78"]
[EventDate "2013.06.20"]
[EventType "tourn (corr)"]
[EventRounds "6"]
[EventCountry "GER"]
[SourceTitle "Corr 2015"]
[Source "ChessBase"]
[SourceDate "2015.07.17"]
[SourceVersion "1"]
[SourceVersionDate "2015.07.17"]
[SourceQuality "1"]

1. e4 c5 2. Nf3 d6 3. d4 cxd4 4. Nxd4 Nf6 5. Nc3 a6 6. Be2 e5 7. Nb3 Be7 8. 0-0 0-0 9. Qd3 Be6 10. Be3 Nc6 11. a3 Rc8 12. Nd5 Bxd5 13. exd5 e4 14. Qd2 Ne5 15. Rac1 Re8 16. c4 Nfd7 17. Rfd1 h6 18. Na5 b6 19. Nc6 Nxc6 20. dxc6 Rxc6 21. Qd5 Qc8 22. Bg4 Bf6 23. b4 Re5 24. Qd2 Bg5 25. Bxg5 hxg5 26. h3 Qc7 27. a4 Nf6 28. Be2 a5 29. b5 e3 30. fxe3 Ne4 31. Qc2 Rcc5 32. Bf3 d5 33. Rd4 f5 34. Qd3 Nf6 35. Rc3 Kh7 36. Qc2 g6 37. Qc1 Kh6 38. Rc2 Kg7 39. Rc3 Kh7 1/2-1/2

[Event "GER-ch 2013-C-V4 serv"]
[Site "GER email"]
[Date "2013.06.17"]
[Round "?"]
[White "Warzecha, Helmut"]
[Black "Draeger, Wolfgang"]
[Result "0-1"]
[WhiteElo "1969"]
[BlackElo "2117"]
[PlyCount "80"]
[EventDate "2013.06.20"]
[EventType "tourn (corr)"]
[EventRounds "6"]
[EventCountry "GER"]
[SourceTitle "Corr 2015"]
[Source "ChessBase"]
[SourceDate "2015.07.17"]
[SourceVersion "1"]
[SourceVersionDate "2015.07.17"]
[SourceQuality "1"]

1. e4 c5 2. Nf3 d6 3. d4 cxd4 4. Nxd4 Nf6 5. Nc3 a6 6. Bc4 e6 7. Be3 b5 8. Bb3 Be7 9. f3 0-0 10. Qe2 Bd7 11. a3 Nc6 12. g4 Nxd4 13. Bxd4 Rb8 14. f4 Bc6 15. g5 Nd7 16. 0-0-0 a5 17. Rhe1 b4 18. axb4 axb4 19. Nd5 Re8 20. Nxe7+ Qxe7 21. Bc4 Nc5 22. Bxc5 dxc5 23. Rd3 Qa7 24. b3 Bb5 25. Bxb5 Rxb5 26. e5 Ra5 27. Rd6 c4 28. Qxc4 Ra1+ 29. Kd2 Qf2+ 30. Re2 Qg1 31. Kd3 Rd1+ 32. Ke4 Rf1 33. Qxb4 Qg4 34. Ke3 h6 35. gxh6 Rc8 36. Kd2 Qg1 37. c4 Ra8 38. Kd3 Qg6+ 39. Kd4 Rxf4+ 40. Kc5 Qg1+ 0-1

[Event "GER-ch 2013-A-V5 serv"]
[Site "GER email"]
[Date "2013.02.16"]
[Round "?"]
[White "Draeger, Wolfgang"]
[Black "Bach, Werner"]
[Result "1/2-1/2"]
[WhiteElo "2108"]
[BlackElo "2174"]
[PlyCount "58"]
[EventDate "2013.02.25"]
[EventType "tourn (corr)"]
[EventRounds "6"]
[EventCountry "GER"]
[SourceTitle "Corr 2015"]
[Source "ChessBase"]
[SourceDate "2015.07.17"]
[SourceVersion "1"]
[SourceVersionDate "2015.07.17"]
[SourceQuality "1"]

1. d4 Nf6 2. c4 g6 3. Nc3 d5 4. cxd5 Nxd5 5. e4 Nxc3 6. bxc3 Bg7 7. Bc4 c5 8. Ne2 Nc6 9. Be3 0-0 10. 0-0 Qc7 11. Rc1 Rd8 12. Bf4 Be5 13. Bxe5 Nxe5 14. Bb3 Ng4 15. Ng3 Qf4 16. Qe1 b6 17. h3 Nf6 18. e5 Nd5 19. Bxd5 Rxd5 20. c4 Rd8 21. d5 Rb8 22. Qc3 e6 23. d6 f6 24. exf6 Bb7 25. Rcd1 Rd7 26. Ne2 Qg5 27. Ng3 Qf4 28. Ne2 Qg5 29. Ng3 Qf4 1/2-1/2

[Event "GER-ch 2013-A-V5 serv"]
[Site "GER email"]
[Date "2013.02.16"]
[Round "?"]
[White "Draeger, Wolfgang"]
[Black "Garus, Edward"]
[Result "1-0"]
[WhiteElo "2108"]
[BlackElo "2001"]
[PlyCount "101"]
[EventDate "2013.02.25"]
[EventType "tourn (corr)"]
[EventRounds "6"]
[EventCountry "GER"]
[SourceTitle "Corr 2015"]
[Source "ChessBase"]
[SourceDate "2015.07.17"]
[SourceVersion "1"]
[SourceVersionDate "2015.07.17"]
[SourceQuality "1"]

1. c4 e5 2. Nc3 Nc6 3. Nf3 Nf6 4. g3 Bb4 5. Bg2 0-0 6. 0-0 e4 7. Ng5 Bxc3 8. bxc3 Re8 9. f3 e3 10. d3 d5 11. Qb3 Na5 12. Qa3 c6 13. cxd5 cxd5 14. f4 Nc6 15. Nf3 h6 16. Rb1 Qc7 17. Bb2 Be6 18. Rfc1 Rad8 19. Ba1 Ng4 20. Qb2 Re7 21. c4 d4 22. Qa3 Nf2 23. Rb5 Qc8 24. Rd5 Ree8 25. Qb2 f6 26. Qb5 Kh8 27. a4 a6 28. Qb3 Qc7 29. Rc5 Qd7 30. Qb6 Rb8 31. Nh4 Kh7 32. f5 Bf7 33. Ng6 Bxg6 34. Rd5 Qf7 35. fxg6+ Qxg6 36. Bxd4 Nxd4 37. Qxd4 Re7 38. Rd8 Rxd8 39. Qxd8 Re8 40. Qd7 f5 41. Qxb7 Qf6 42. Qf3 Qb2 43. Rf1 Re5 44. Qf4 g6 45. c5 Re7 46. Qd6 Rg7 47. Bf3 Qb4 48. Qb6 Qd4 49. Rb1 Qe5 50. Kg2 g5 51. Qd8 1-0

[Event "GER-ch 2013-A-V5 serv"]
[Site "GER email"]
[Date "2013.02.16"]
[Round "?"]
[White "Warzecha, Helmut"]
[Black "Draeger, Wolfgang"]
[Result "1/2-1/2"]
[WhiteElo "1999"]
[BlackElo "2108"]
[PlyCount "47"]
[EventDate "2013.02.25"]
[EventType "tourn (corr)"]
[EventRounds "6"]
[EventCountry "GER"]
[SourceTitle "Corr 2015"]
[Source "ChessBase"]
[SourceDate "2015.07.17"]
[SourceVersion "1"]
[SourceVersionDate "2015.07.17"]
[SourceQuality "1"]

1. e4 e5 2. Nf3 Nc6 3. d4 exd4 4. Nxd4 Bc5 5. Be3 Qf6 6. c3 Nge7 7. Qd2 0-0 8. f4 Re8 9. Be2 Ng6 10. e5 Qh4+ 11. g3 Qe7 12. 0-0 d6 13. Nxc6 Bxe3+ 14. Qxe3 bxc6 15. Nd2 Rb8 16. b3 Bf5 17. Bc4 dxe5 18. fxe5 Be6 19. Rae1 Bd5 20. Bxd5 cxd5 21. Nf3 Rb6 22. Re2 Re6 23. Qxa7 Nxe5 24. Nxe5 1/2-1/2

[Event "GER-ch65 email"]
[Site "GER email"]
[Date "2012.11.27"]
[Round "?"]
[White "Draeger, Wolfgang"]
[Black "Mager, Friedhelm"]
[Result "1-0"]
[WhiteElo "2108"]
[BlackElo "2084"]
[PlyCount "57"]
[EventDate "2012.12.01"]
[EventType "tourn (corr)"]
[EventRounds "14"]
[EventCountry "GER"]
[SourceTitle "Corr 2015"]
[Source "ChessBase"]
[SourceDate "2015.07.17"]
[SourceVersion "1"]
[SourceVersionDate "2015.07.17"]
[SourceQuality "1"]

1. d4 d5 2. c4 c6 3. Nc3 Nf6 4. Nf3 e6 5. e3 Nbd7 6. Qc2 Bd6 7. Bd3 0-0 8. 0-0 dxc4 9. Bxc4 b5 10. Be2 Bb7 11. Rd1 Qc7 12. e4 e5 13. dxe5 Nxe5 14. Nd4 Rad8 15. Nf5 Bc5 16. Bf4 g6 17. Nh6+ Kg7 18. Bg5 Qb6 19. Rf1 Rd6 20. a4 a6 21. Kh1 Bxf2 22. Qc1 Bd4 23. Qf4 Ng8 24. Nxg8 Kxg8 25. Be7 Rd7 26. Bf6 Nc4 27. e5 Be3 28. Qg3 Nd2 29. Rf4 1-0

[Event "GER-ch65 email"]
[Site "GER email"]
[Date "2012.11.27"]
[Round "?"]
[White "Draeger, Wolfgang"]
[Black "Schumacher, Horst"]
[Result "1-0"]
[WhiteElo "2117"]
[BlackElo "2050"]
[PlyCount "123"]
[EventDate "2012.12.01"]
[EventType "tourn (corr)"]
[EventRounds "14"]
[EventCountry "GER"]
[SourceTitle "Corr 2015"]
[Source "ChessBase"]
[SourceDate "2015.07.17"]
[SourceVersion "1"]
[SourceVersionDate "2015.07.17"]
[SourceQuality "1"]

1. d4 Nf6 2. c4 e6 3. Nf3 d5 4. Nc3 Be7 5. Bf4 0-0 6. e3 c5 7. dxc5 Bxc5 8. cxd5 Nxd5 9. Nxd5 exd5 10. a3 Bd6 11. Bxd6 Qxd6 12. Be2 Nc6 13. 0-0 Be6 14. Rc1 Rac8 15. Qd2 h6 16. b4 a6 17. h3 Ne5 18. Rfd1 Rxc1 19. Rxc1 Rc8 20. Rxc8+ Bxc8 21. Qd4 Nc6 22. Qb6 Qf6 23. h4 Qa1+ 24. Kh2 Qf6 25. h5 Qd8 26. Qxd8+ Nxd8 27. Nd4 Kf8 28. Bf3 Be6 29. Nxe6+ fxe6 30. e4 dxe4 31. Bxe4 Ke7 32. Kg3 b5 33. Kf3 Nf7 34. Ke3 e5 35. Bc6 Ke6 36. a4 bxa4 37. Bxa4 Nd6 38. Bb3+ Ke7 39. Bc2 Nb5 40. Bd3 Nc3 41. Bc4 Kd6 42. f4 exf4+ 43. Kd4 Nb5+ 44. Ke4 Na3 45. Bd3 Nb5 46. Kf5 Nc7 47. Bc4 Ke7 48. Kxf4 Ne8 49. g4 Nf6 50. Kf5 Nd7 51. Bxa6 Nb6 52. b5 Nc4 53. Bb7 Nd6+ 54. Kg6 Kf8 55. Bc6 Nc8 56. Kf5 Ke7 57. Bf3 Nb6 58. Be4 Nd7 59. Kg6 Kf8 60. Bd5 Nb6 61. Be6 Na4 62. Kf5 1-0

[Event "GER-ch65 email"]
[Site "GER email"]
[Date "2012.11.27"]
[Round "?"]
[White "Draeger, Wolfgang"]
[Black "Voetter, Hans Dieter"]
[Result "1/2-1/2"]
[WhiteElo "2108"]
[BlackElo "2169"]
[PlyCount "91"]
[EventDate "2012.12.01"]
[EventType "tourn (corr)"]
[EventRounds "14"]
[EventCountry "GER"]
[SourceTitle "Corr 2015"]
[Source "ChessBase"]
[SourceDate "2015.07.17"]
[SourceVersion "1"]
[SourceVersionDate "2015.07.17"]
[SourceQuality "1"]

1. d4 f5 2. g3 Nf6 3. Bg2 g6 4. Nf3 Bg7 5. 0-0 0-0 6. b3 d6 7. Bb2 c6 8. c4 Qc7 9. Qc2 Re8 10. Nbd2 Na6 11. a3 e5 12. c5 e4 13. cxd6 Qxd6 14. Nc4 Qe7 15. Nfe5 Be6 16. Rad1 Rad8 17. Rfe1 c5 18. dxc5 Nxc5 19. b4 Ncd7 20. Nd6 Nxe5 21. Bxe5 Rf8 22. e3 Nd5 23. Bxg7 Qxg7 24. Nb5 Rc8 25. Qd2 Nc3 26. Nd4 Qd7 27. Rc1 Nb5 28. f3 Nxa3 29. fxe4 fxe4 30. Rxc8 Rxc8 31. Bxe4 Bf7 32. Nf3 Qxd2 33. Nxd2 Rc7 34. Ra1 Nb5 35. Bd3 Nc3 36. Ne4 Nxe4 37. Bxe4 b6 38. Kf2 Be6 39. b5 Kf7 40. Ke2 Kf6 41. Bd3 Ke5 42. Ra4 g5 43. Re4+ Kf6 44. h4 h6 45. Kd2 Kf7 46. Rd4 1/2-1/2

[Event "GER-ch65 email"]
[Site "GER email"]
[Date "2012.11.27"]
[Round "?"]
[White "Draeger, Wolfgang"]
[Black "Zill, Eberhard"]
[Result "1/2-1/2"]
[WhiteElo "2108"]
[BlackElo "2138"]
[PlyCount "62"]
[EventDate "2012.12.01"]
[EventType "tourn (corr)"]
[EventRounds "14"]
[EventCountry "GER"]
[SourceTitle "Corr 2015"]
[Source "ChessBase"]
[SourceDate "2015.07.17"]
[SourceVersion "1"]
[SourceVersionDate "2015.07.17"]
[SourceQuality "1"]

1. d4 Nf6 2. c4 e6 3. Nf3 d5 4. Nc3 c6 5. Bg5 h6 6. Bh4 dxc4 7. e4 g5 8. Bg3 b5 9. Ne5 h5 10. h4 g4 11. Be2 b4 12. Na4 Nxe4 13. 0-0 Ba6 14. Bf4 Bh6 15. Qc2 Bxf4 16. Qxe4 Bh6 17. Nxc6 Qc7 18. Na5 Bb5 19. Nc5 0-0 20. Bxc4 Bxc4 21. Nxc4 Nd7 22. Nxd7 Qxd7 23. Ne5 Qc7 24. Rad1 Rfe8 25. Rfe1 Rad8 26. Re2 Rd5 27. Rc2 Qd6 28. g3 a5 29. f4 Rd8 30. Rc6 Qe7 31. Rc4 Qd6 1/2-1/2

[Event "GER-ch65 email"]
[Site "GER email"]
[Date "2012.11.27"]
[Round "?"]
[White "Stieger, Helmut G"]
[Black "Draeger, Wolfgang"]
[Result "1/2-1/2"]
[WhiteElo "2162"]
[BlackElo "2117"]
[PlyCount "104"]
[EventDate "2012.12.01"]
[EventType "tourn (corr)"]
[EventRounds "14"]
[EventCountry "GER"]
[SourceTitle "Corr 2015"]
[Source "ChessBase"]
[SourceDate "2015.07.17"]
[SourceVersion "1"]
[SourceVersionDate "2015.07.17"]
[SourceQuality "1"]

1. d4 Nf6 2. c4 e6 3. Nc3 Bb4 4. f3 d5 5. a3 Bxc3+ 6. bxc3 c5 7. cxd5 Nxd5 8. dxc5 Qa5 9. e4 Ne7 10. Be3 0-0 11. Qb3 Qc7 12. Nh3 e5 13. Nf2 Nec6 14. Rb1 Na5 15. Qa4 Be6 16. Be2 Rc8 17. 0-0 Nd7 18. Rb5 b6 19. Rd1 h6 20. Qb4 Nc6 21. cxb6 axb6 22. Qb2 Na7 23. Bxb6 Qxc3 24. Rb4 Qxb2 25. Rxb2 Rcb8 26. Rdb1 Nc6 27. Bc7 Rxb2 28. Rxb2 Rxa3 29. Nd3 f6 30. Kf2 Nd4 31. Bf1 Ra7 32. Bd6 Bc4 33. Bb4 Ra1 34. Ne1 Bxf1 35. Kxf1 Kf7 36. Kf2 Ra8 37. h4 Kg6 38. Nd3 Kh5 39. g3 Nb8 40. Bd2 Nbc6 41. g4+ Kg6 42. h5+ Kf7 43. Rb7+ Kg8 44. Bc1 Na5 45. Rc7 Nab3 46. Bb2 Ne6 47. Rc4 Ng5 48. Rb4 Nd2 49. Ne1 Rc8 50. Ke2 Nc4 51. Bc1 Ne6 52. Kd3 Nc5+ 1/2-1/2

[Event "GER-ch65 email"]
[Site "GER email"]
[Date "2012.11.27"]
[Round "?"]
[White "Werner, Juergen"]
[Black "Draeger, Wolfgang"]
[Result "1/2-1/2"]
[WhiteElo "2221"]
[BlackElo "2108"]
[PlyCount "105"]
[EventDate "2012.12.01"]
[EventType "tourn (corr)"]
[EventRounds "14"]
[EventCountry "GER"]
[SourceTitle "Corr 2015"]
[Source "ChessBase"]
[SourceDate "2015.07.17"]
[SourceVersion "1"]
[SourceVersionDate "2015.07.17"]
[SourceQuality "1"]

1. Nf3 d5 2. d4 Nf6 3. c4 c6 4. Nc3 e6 5. Bg5 h6 6. Bxf6 Qxf6 7. g3 Nd7 8. Bg2 dxc4 9. 0-0 Be7 10. Ne4 Qf5 11. Ned2 e5 12. Nxc4 exd4 13. Nxd4 Qf6 14. e3 0-0 15. Qh5 Nb6 16. Nd2 Qg5 17. Qe2 Bg4 18. f3 Bh5 19. Qf2 Rad8 20. f4 Qa5 21. N2b3 Qa4 22. Rfc1 Rfe8 23. Bf1 Qb4 24. a3 Qd6 25. e4 Bf8 26. Re1 f6 27. Rac1 Bf7 28. Nf5 Qc7 29. Na5 g6 30. Nh4 g5 31. Nf5 gxf4 32. gxf4 Nc8 33. Bc4 Nd6 34. Bxf7+ Qxf7 35. Qg2+ Kh8 36. Ng3 Rd7 37. Qf3 Nb5 38. Nb3 Red8 39. Red1 c5 40. Rxd7 Qxd7 41. Rc2 Qe6 42. Rd2 Rxd2 43. Nxd2 Qd7 44. Qe3 Nd4 45. Kf2 b6 46. Nf3 Qg4 47. Nxd4 cxd4 48. Qf3 Qc8 49. Qe2 Qc1 50. Kf3 Qb1 51. Qb5 Qd1+ 52. Kf2 Bg7 53. Nf5 1/2-1/2

[Event "GER-ch64 email"]
[Site "GER email"]
[Date "2012.08.13"]
[Round "?"]
[White "Gierth, Karlheinz"]
[Black "Draeger, Wolfgang"]
[Result "1/2-1/2"]
[WhiteElo "1971"]
[BlackElo "2131"]
[PlyCount "106"]
[EventDate "2012.08.13"]
[EventType "tourn (corr)"]
[EventRounds "10"]
[EventCountry "GER"]
[SourceTitle "Corr 2015"]
[Source "ChessBase"]
[SourceDate "2015.07.17"]
[SourceVersion "1"]
[SourceVersionDate "2015.07.17"]
[SourceQuality "1"]

1. c4 e6 2. Nf3 Nf6 3. g3 d5 4. Bg2 dxc4 5. Na3 Bxa3 6. bxa3 0-0 7. Bb2 Nbd7 8. Rc1 b5 9. a4 a6 10. d3 Bb7 11. dxc4 c5 12. Bxf6 Nxf6 13. Qxd8 Rfxd8 14. cxb5 axb5 15. axb5 Rxa2 16. 0-0 Rxe2 17. Rxc5 g6 18. b6 Rb2 19. Ne5 Bxg2 20. Kxg2 Ra8 21. Nc4 Rb4 22. Rc6 Nd5 23. Rc1 h6 24. h4 Rb8 25. Ra1 Nxb6 26. Nd6 Rf8 27. Ra7 Nd5 28. Rca6 h5 29. Rc6 Rb6 30. Rxb6 Nxb6 31. Rc7 Nd5 32. Ra7 Nf6 33. f3 Nd5 34. g4 f6 35. Kg3 Nc3 36. Rd7 Ne2+ 37. Kf2 Nf4 38. Kg3 e5 39. Rb7 Nd5 40. Rd7 Nf4 41. Ra7 Ne6 42. gxh5 gxh5 43. Nf5 Kh8 44. Kf2 Nf4 45. Rd7 Re8 46. Ra7 Rc8 47. Ra6 Rf8 48. Kf1 Kg8 49. Ra7 Rb8 50. Nh6+ Kf8 51. Rf7+ Ke8 52. Rxf6 Ke7 53. Ra6 Rf8 1/2-1/2

[Event "GER-ch 2012-B-V6 serv"]
[Site "GER email"]
[Date "2012.05.09"]
[Round "?"]
[White "Packroff, Hermann"]
[Black "Draeger, Wolfgang"]
[Result "1/2-1/2"]
[WhiteElo "1922"]
[BlackElo "2117"]
[PlyCount "77"]
[EventDate "2012.05.15"]
[EventType "tourn (corr)"]
[EventRounds "6"]
[EventCountry "GER"]
[SourceTitle "Corr 2015"]
[Source "ChessBase"]
[SourceDate "2015.07.17"]
[SourceVersion "1"]
[SourceVersionDate "2015.07.17"]
[SourceQuality "1"]

1. e4 e5 2. Nf3 Nc6 3. Bb5 a6 4. Bxc6 dxc6 5. 0-0 Qd6 6. Na3 Be6 7. Qe2 f6 8. Rd1 Bg4 9. h3 Bxf3 10. Qxf3 Qe6 11. d4 Rd8 12. d5 cxd5 13. exd5 Qd7 14. Nc4 Ne7 15. d6 Nc6 16. Be3 Bxd6 17. Nxd6+ cxd6 18. Bb6 Rc8 19. Bc5 0-0 20. Rxd6 Qc7 21. Rad1 Rfd8 22. Qd5+ Kh8 23. Qe6 Nd4 24. Rxd8+ Rxd8 25. Bxd4 h6 26. c3 exd4 27. cxd4 Qc2 28. Qb3 Qxb3 29. axb3 Kg8 30. Kf1 Rd6 31. Ke2 Rb6 32. Rd3 Kf7 33. Rc3 Ke6 34. Kd3 g6 35. Kc2 Kd5 36. Rc4 f5 37. Kc3 Re6 38. Kd3 Re1 39. Rc5+ 1/2-1/2